[Event "Belgrade Premier League"]
[Site "Belgrade"]
[Date "2021.10.10"]
[Round "9.2"]
[White "Vrbljanac, Aleksandar"]
[Black "Mikicic, Dusan"]
[Result "1/2-1/2"]
[WhiteElo "2299"]
[BlackElo "2043"]
[PlyCount "53"]
[EventDate "2021.10.01"]
[EventType "team-tourn"]
[EventRounds "11"]
[EventCountry "SRB"]
[SourceTitle "CBM 204 Extra"]
[Source "ChessBase"]
[SourceDate "2021.11.30"]
[SourceVersion "1"]
[SourceVersionDate "2021.11.30"]
[SourceQuality "1"]
[WhiteTeam "Belgrade Bogoslov"]
[BlackTeam "Belgrade Tehnicka Skola"]
[WhiteTeamCountry "SRB"]
[BlackTeamCountry "SRB"]

1. d4 d5 2. c4 c6 3. Nf3 Nf6 4. e3 e6 5. Nc3 Bd6 6. Bd3 Nbd7 7. e4 dxe4 8. Nxe4 Nxe4 9. Bxe4 Nf6 10. Bc2 Bb4+ 11. Bd2 Qa5 12. a3 Bxd2+ 13. Qxd2 Qxd2+ 14. Kxd2 b6 15. b4 Bb7 16. c5 Ke7 17. Rhe1 Rhd8 18. Kc3 b5 19. Bb3 h6 20. a4 a6 21. Ne5 Nd5+ 22. Bxd5 Rxd5 23. Nf3 Rad8 24. a5 f6 25. Re3 Kf7 26. Rae1 Bc8 27. h4 1/2-1/2

[Event "Belgrade-chT Quality"]
[Site "Belgrade"]
[Date "2020.10.24"]
[Round "5.4"]
[White "Dimitrijevic, Paul"]
[Black "Mikicic, Dusan"]
[Result "0-1"]
[WhiteElo "2003"]
[BlackElo "2017"]
[PlyCount "74"]
[EventDate "2020.10.09"]
[EventType "team-tourn"]
[EventRounds "9"]
[EventCountry "SRB"]
[SourceTitle "EXT 2022"]
[Source "ChessBase"]
[SourceDate "2021.10.06"]
[SourceVersion "1"]
[SourceVersionDate "2021.10.06"]
[SourceQuality "1"]
[WhiteTeam "Belgrade NBSK"]
[BlackTeam "Belgrade Tehnicka Skola"]
[WhiteTeamCountry "SRB"]
[BlackTeamCountry "SRB"]

1. e4 c5 2. Nf3 Nc6 3. Nc3 g6 4. Bc4 Bg7 5. d3 e6 6. Be3 d6 7. Qd2 Nd4 8. Bxd4 cxd4 9. Bb5+ Kf8 10. Ne2 Qb6 11. c4 a6 12. Ba4 Ne7 13. 0-0 e5 14. Rfc1 Nc6 15. a3 h5 16. Rc2 Bh6 17. Qd1 Bg4 18. b4 Bxf3 19. gxf3 Kg7 20. c5 Qd8 21. Bxc6 bxc6 22. cxd6 Qxd6 23. Rc4 a5 24. Qc2 axb4 25. Rxc6 Qb8 26. Qc5 Qe8 27. a4 b3 28. a5 Bd2 29. a6 Bb4 30. Qc4 b2 31. Rb1 Ba3 32. f4 exf4 33. Nxd4 Rd8 34. Qc3 Kh7 35. Rc4 Qe7 36. Nf3 Rhe8 37. h4 Qd7 0-1

[Event "Belgrade-chT Quality"]
[Site "Belgrade"]
[Date "2020.10.09"]
[Round "1.4"]
[White "Mikicic, Dusan"]
[Black "Postic, Dragisa"]
[Result "0-1"]
[WhiteElo "2017"]
[BlackElo "2256"]
[PlyCount "68"]
[EventDate "2020.10.09"]
[EventType "team-tourn"]
[EventRounds "9"]
[EventCountry "SRB"]
[SourceTitle "EXT 2022"]
[Source "ChessBase"]
[SourceDate "2021.10.06"]
[SourceVersion "1"]
[SourceVersionDate "2021.10.06"]
[SourceQuality "1"]
[WhiteTeam "Belgrade Tehnicka Skola"]
[BlackTeam "Belgrade Polet"]
[WhiteTeamCountry "SRB"]
[BlackTeamCountry "SRB"]

1. e4 c5 2. Nf3 d6 3. d4 cxd4 4. Nxd4 Nf6 5. Nc3 a6 6. g3 e5 7. Nde2 Be7 8. Bg2 0-0 9. 0-0 Qc7 10. h3 b5 11. b3 b4 12. Nb1 Bb7 13. Qd3 Nbd7 14. Be3 Rfd8 15. c3 d5 16. exd5 e4 17. Bxe4 Ne5 18. Bf4 Nxd3 19. Bxc7 Nxe4 20. Bxd8 Rxd8 21. f3 Nec5 22. c4 Bf6 23. Nd2 Bxa1 24. Rxa1 Re8 25. Kf1 Bc8 26. g4 f5 27. Nd4 fxg4 28. hxg4 h5 29. gxh5 Re5 30. Ne4 Nxe4 31. fxe4 Rxe4 32. Nf3 Bh3+ 33. Kg1 Rf4 34. Nh2 Rf2 0-1

[Event "Belgrade-chT Quality"]
[Site "Belgrade"]
[Date "2019.10.29"]
[Round "9.3"]
[White "Mikicic, Dusan"]
[Black "Popadic, Dragan B"]
[Result "1/2-1/2"]
[WhiteElo "2052"]
[BlackElo "2113"]
[PlyCount "71"]
[EventDate "2019.10.05"]
[EventType "team-tourn"]
[EventRounds "11"]
[EventCountry "SRB"]
[SourceTitle "EXT 2022"]
[Source "ChessBase"]
[SourceDate "2021.10.06"]
[SourceVersion "1"]
[SourceVersionDate "2021.10.06"]
[SourceQuality "1"]
[WhiteTeam "Belgrade Tehnicka Skola"]
[BlackTeam "NBSK"]
[WhiteTeamCountry "SRB"]
[BlackTeamCountry "SRB"]

1. e4 e5 2. Nf3 Nc6 3. Bc4 Nf6 4. d3 Be7 5. Nc3 h6 6. h3 a6 7. Be3 d6 8. Qe2 Na5 9. a3 Nxc4 10. dxc4 b6 11. 0-0-0 Nd7 12. g4 Bg5 13. h4 Bxe3+ 14. Qxe3 Bb7 15. g5 h5 16. Rhg1 Qe7 17. g6 f6 18. Ne2 Nc5 19. Nd2 0-0-0 20. Ng3 Ne6 21. Nf5 Qd7 22. b3 Kb8 23. Nb1 Nc5 24. f3 Ne6 25. Nc3 Nf4 26. Kb2 Rhg8 27. Ne2 Ne6 28. Rd2 Ka7 29. a4 a5 30. Nc3 Bc6 31. Nd5 Bxd5 32. cxd5 Nc5 33. c4 Kb7 34. Ka3 Qe8 35. Qc3 Ra8 36. Rdg2 1/2-1/2

[Event "Belgrade-chT Quality"]
[Site "Belgrade"]
[Date "2019.10.06"]
[Round "2.3"]
[White "Nikolic, Radisa S"]
[Black "Mikicic, Dusan"]
[Result "1-0"]
[WhiteElo "2146"]
[BlackElo "2052"]
[PlyCount "69"]
[EventDate "2019.10.05"]
[EventType "team-tourn"]
[EventRounds "11"]
[EventCountry "SRB"]
[SourceTitle "EXT 2022"]
[Source "ChessBase"]
[SourceDate "2021.10.06"]
[SourceVersion "1"]
[SourceVersionDate "2021.10.06"]
[SourceQuality "1"]
[WhiteTeam "Borca"]
[BlackTeam "Belgrade Tehnicka Skola"]
[WhiteTeamCountry "SRB"]
[BlackTeamCountry "SRB"]

1. e4 e5 2. Nf3 Nc6 3. Bc4 Bc5 4. 0-0 d6 5. h3 Nf6 6. Re1 h6 7. c3 Qe7 8. d4 Bb6 9. d5 Nb8 10. a4 a6 11. Nbd2 g5 12. Nh2 h5 13. Ndf1 g4 14. h4 g3 15. Nxg3 Ng4 16. Nxg4 Bxg4 17. Qd3 Qxh4 18. a5 Ba7 19. Be3 Bxe3 20. Qxe3 Rg8 21. Bb3 Qf6 22. Ba4+ Nd7 23. Nf1 Ke7 24. Bxd7 Bxd7 25. c4 Rg6 26. Ra3 Rd8 27. g3 h4 28. c5 Bb5 29. cxd6+ Qxd6 30. Rc1 c6 31. Qb6 Qb8 32. Ne3 hxg3 33. Nf5+ Ke8 34. Rxg3 Rxg3+ 35. fxg3 1-0

[Event "Belgrade Letnji Jezero op"]
[Site "Belgrade"]
[Date "2018.08.05"]
[Round "2"]
[White "Mikicic, Dusan"]
[Black "Jovanovic, Dusan D"]
[Result "0-1"]
[WhiteElo "2057"]
[BlackElo "2386"]
[PlyCount "122"]
[EventDate "2018.08.04"]
[EventType "swiss"]
[EventRounds "9"]
[EventCountry "SRB"]
[SourceTitle "CBM 185 Extra"]
[Source "ChessBase"]
[SourceDate "2018.07.29"]
[SourceVersion "1"]
[SourceVersionDate "2018.07.29"]
[SourceQuality "1"]

1. e4 e5 2. Nf3 Nc6 3. d4 exd4 4. Nxd4 Bc5 5. Nb3 Bb6 6. Nc3 d6 7. Bf4 Nge7 8. Qd2 Be6 9. 0-0-0 0-0 10. f3 f5 11. Be3 Qe8 12. Kb1 Qf7 13. Bd3 f4 14. Bxb6 axb6 15. Nc1 Ne5 16. b3 Ra5 17. N3e2 N7g6 18. c4 Rfa8 19. Nc3 c6 20. Be2 Rd8 21. Qd4 Qc7 22. Kb2 Raa8 23. a4 Rac8 24. Rd2 Nd7 25. Rhd1 Nc5 26. g3 Bf7 27. g4 Ne5 28. h4 h6 29. N1a2 Rd7 30. h5 Qd8 31. Nb4 Ra8 32. Nc2 Qf6 33. Ra1 Rad8 34. Rad1 d5 35. cxd5 cxd5 36. exd5 Bxd5 37. Qxd5+ Rxd5 38. Rxd5 Rxd5 39. Rxd5 g6 40. hxg6 Kg7 41. a5 Kxg6 42. axb6 Qxb6 43. b4 Ncd7 44. Bb5 Qc7 45. Ne4 Nb6 46. Rd6+ Kf7 47. Rxh6 Kg7 48. Rh3 Nbc4+ 49. Kb3 Nd6 50. Be2 Nxe4 51. fxe4 f3 52. Bf1 Qb6 53. Rh5 Nxg4 54. Rg5+ Kh6 55. Rxg4 Qe6+ 56. Kc3 Qxg4 57. Kd3 Qg1 58. Ne3 Kg5 59. Bh3 Kf4 60. Nd5+ Ke5 61. Ne3 Qb1+ 0-1

[Event "Belgrade-chT"]
[Site "Belgrade"]
[Date "2018.05.09"]
[Round "3"]
[White "Mikicic, Dusan"]
[Black "Milosevic, Milos"]
[Result "0-1"]
[WhiteElo "2068"]
[BlackElo "2333"]
[PlyCount "99"]
[EventDate "2018.05.07"]
[EventType "team-swiss"]
[EventRounds "5"]
[EventCountry "SRB"]
[SourceTitle "CBM 184 Extra"]
[Source "ChessBase"]
[SourceDate "2018.06.28"]
[SourceVersion "1"]
[SourceVersionDate "2018.06.28"]
[SourceQuality "1"]
[WhiteTeam "Belgrade Tehnicka Skola"]
[BlackTeam "Belgrade Turbina"]
[WhiteTeamCountry "SRB"]
[BlackTeamCountry "SRB"]

1. e4 e5 2. Nf3 d6 3. d4 exd4 4. Qxd4 a6 5. Bg5 Nc6 6. Bxd8 Nxd4 7. Nxd4 Kxd8 8. Nc3 g6 9. 0-0-0 Nf6 10. f3 c5 11. Nb3 Kc7 12. Bc4 Be6 13. Nd5+ Nxd5 14. Bxd5 Bg7 15. c4 Rab8 16. Kc2 Rhe8 17. Rhe1 b5 18. Nd2 Re7 19. Re2 Rbe8 20. b3 Bxd5 21. cxd5 f5 22. Rde1 Kb6 23. Kd3 Re5 24. g4 Bh6 25. gxf5 gxf5 26. Nf1 Rc8 27. Ng3 fxe4+ 28. fxe4 c4+ 29. bxc4 bxc4+ 30. Kc2 Kc5 31. Rf2 Rc7 32. Nf5 Bg5 33. h4 Bf6 34. Rf4 Rd7 35. Re3 a5 36. Ra3 Kb4 37. Raf3 Re8 38. h5 Rg8 39. Nh6 Rg2+ 40. Rf2 Be5 41. Rxg2 Bxf4 42. Nf5 Be5 43. h6 Ka3 44. Rg7 Rd8 45. Rxh7 Rb8 46. Rc7 Rb2+ 47. Kc1 c3 48. h7 Rh2 49. Rc6 Rxh7 50. Nxd6 0-1

[Event "Belgrade-chT Quality"]
[Site "Belgrade"]
[Date "2016.10.16"]
[Round "6.1"]
[White "Dimic, Pavle"]
[Black "Mikicic, Dusan"]
[Result "1-0"]
[WhiteElo "2330"]
[BlackElo "2159"]
[PlyCount "53"]
[EventDate "2016.10.01"]
[EventType "team-tourn"]
[EventRounds "11"]
[EventCountry "SRB"]
[SourceTitle "EXT 2018"]
[Source "ChessBase"]
[SourceDate "2017.10.13"]
[SourceVersion "1"]
[SourceVersionDate "2017.10.13"]
[SourceQuality "1"]

1. d4 Nf6 2. Nf3 c5 3. d5 e6 4. c4 exd5 5. cxd5 d6 6. Nc3 g6 7. Bf4 Bg7 8. Qa4+ Kf8 9. e4 Nh5 10. Be3 Nd7 11. Be2 a6 12. Nd2 b5 13. Qc2 c4 14. Bxh5 gxh5 15. Nf3 Ne5 16. Nxe5 Bxe5 17. f4 Bg7 18. 0-0 f5 19. Rae1 Kg8 20. Qd2 Qf6 21. e5 dxe5 22. fxe5 Qxe5 23. Bc5 Qf6 24. Re8+ Kf7 25. Re7+ Kg6 26. d6 Bf8 27. Qd5 1-0

[Event "Belgrade-chT Quality"]
[Site "Belgrade"]
[Date "2015.11.02"]
[Round "8"]
[White "Mikicic, Dusan"]
[Black "Cobic, Vladimir"]
[Result "0-1"]
[WhiteElo "2204"]
[BlackElo "2318"]
[PlyCount "146"]
[EventDate "2015.10.03"]
[EventType "team-tourn"]
[EventRounds "11"]
[EventCountry "SRB"]
[SourceTitle "EXT 2018"]
[Source "ChessBase"]
[SourceDate "2017.10.13"]
[SourceVersion "1"]
[SourceVersionDate "2017.10.13"]
[SourceQuality "1"]

1. c4 f5 2. d4 g6 3. Nc3 Nf6 4. Nf3 Bg7 5. g3 0-0 6. Bg2 d6 7. 0-0 Nc6 8. d5 Ne5 9. Nxe5 dxe5 10. e4 f4 11. gxf4 exf4 12. Bxf4 Nxe4 13. Nxe4 Rxf4 14. Qd2 Qf8 15. Rae1 Bh6 16. Qe2 Bg4 17. f3 Bf5 18. Ng3 Re8 19. Nxf5 Qxf5 20. b3 Rh4 21. Qe6+ Qxe6 22. Rxe6 Bf4 23. h3 Bg3 24. Rd1 Rf4 25. Rd3 Rf5 26. Kf1 Bd6 27. Re4 a5 28. Ke2 Ra8 29. a4 Kg7 30. h4 Raf8 31. Rd1 Kh6 32. Rh1 Rf4 33. h5 g5 34. Re6+ R8f6 35. Rxf6+ exf6 36. Kf2 Rd4 37. Ke3 Bc5 38. Ke2 Bb4 39. Ke3 Rd2 40. Bh3 Rb2 41. Bd7 Rxb3+ 42. Ke4 Bc5 43. Rf1 Rc3 44. Bb5 Re3+ 45. Kf5 Bd4 46. f4 gxf4 47. Kxf4 Re5 48. Bd7 Rxh5 49. Rb1 b6 50. Bg4 Be5+ 51. Ke4 Rh2 52. Kf5 Rf2+ 53. Ke6 Kg5 54. Bh3 h5 55. Rg1+ Kf4 56. Bf5 Re2 57. Rf1+ Kg3 58. Rh1 h4 59. Rh3+ Kg2 60. Rxh4 Ra2 61. c5 bxc5 62. Rc4 Re2 63. Be4+ Kf2 64. Kd7 Ke3 65. Kc6 Bd6 66. Kb5 Rb2+ 67. Kxa5 Rb4 68. Rxb4 cxb4 69. Bb1 Kd4 70. Kb5 Kxd5 71. Ba2+ Kd4 72. a5 f5 73. a6 Bc5 0-1

[Event "Belgrade-chT Quality"]
[Site "Belgrade"]
[Date "2015.10.18"]
[Round "6"]
[White "Mikicic, Dusan"]
[Black "Kiproski, Branislav"]
[Result "1-0"]
[WhiteElo "2204"]
[BlackElo "2252"]
[PlyCount "91"]
[EventDate "2015.10.03"]
[EventType "team-tourn"]
[EventRounds "11"]
[EventCountry "SRB"]
[SourceTitle "EXT 2018"]
[Source "ChessBase"]
[SourceDate "2017.10.13"]
[SourceVersion "1"]
[SourceVersionDate "2017.10.13"]
[SourceQuality "1"]

1. e4 d6 2. d4 Nf6 3. f3 e5 4. dxe5 dxe5 5. Qxd8+ Kxd8 6. Bc4 Ke8 7. Nc3 Bd6 8. Bg5 Nbd7 9. 0-0-0 a6 10. Nge2 h6 11. Bh4 Kf8 12. Bf2 g6 13. Rd2 Kg7 14. Rhd1 Bc5 15. Bxc5 Nxc5 16. Nd5 Ne6 17. c3 Nxd5 18. exd5 Nc5 19. b4 Nd7 20. d6 b5 21. Bb3 Ra7 22. Ng3 cxd6 23. Rxd6 Rc7 24. Kb2 Nf6 25. Re1 Re8 26. a4 Bb7 27. axb5 axb5 28. Rb6 Bc6 29. Rd1 e4 30. Rd6 exf3 31. gxf3 Rec8 32. Ne2 Bxf3 33. Nd4 Ne8 34. Nxb5 Nxd6 35. Nxc7 Rxc7 36. Rxd6 Be2 37. Rd2 Re7 38. Bd1 Bxd1 39. Rxd1 f5 40. c4 f4 41. b5 f3 42. b6 f2 43. Rf1 Re2+ 44. Kb3 Re3+ 45. Kb4 Re2 46. Kb5 1-0

[Event "Belgrade-chT Quality"]
[Site "Belgrade"]
[Date "2015.10.11"]
[Round "4"]
[White "Mikicic, Dusan"]
[Black "Podinic, Bojan"]
[Result "1-0"]
[WhiteElo "2204"]
[BlackElo "2254"]
[PlyCount "111"]
[EventDate "2015.10.03"]
[EventType "team-tourn"]
[EventRounds "11"]
[EventCountry "SRB"]
[SourceTitle "EXT 2018"]
[Source "ChessBase"]
[SourceDate "2017.10.13"]
[SourceVersion "1"]
[SourceVersionDate "2017.10.13"]
[SourceQuality "1"]

1. e4 e5 2. Nf3 Nc6 3. Bc4 Nf6 4. Ng5 d5 5. exd5 b5 6. Bf1 Nd4 7. c3 Nxd5 8. Ne4 Ne6 9. Bxb5+ Bd7 10. Bc4 Bc6 11. d3 Be7 12. 0-0 0-0 13. Nbd2 Qd7 14. Nf3 f6 15. Qe2 Kh8 16. g3 Nc5 17. Nxc5 Bxc5 18. Be3 Nf4 19. Bxf4 exf4 20. d4 Qg4 21. Nh4 Qxe2 22. Bxe2 Bd6 23. Bf3 Bxf3 24. Nxf3 Rab8 25. b3 Rfe8 26. Rfe1 g5 27. Kf1 Kg7 28. Nd2 fxg3 29. hxg3 h5 30. Kg2 Kg6 31. Nc4 Bf8 32. Re3 Red8 33. b4 Rb5 34. a4 Rbd5 35. Rb1 h4 36. gxh4 gxh4 37. Rh3 Rg5+ 38. Kf3 Rf5+ 39. Ke2 Rf4 40. Rg1+ Kf7 41. Rf3 Rxf3 42. Kxf3 Bxb4 43. cxb4 Rxd4 44. Rg4 Rd3+ 45. Ne3 Ra3 46. Rxh4 Rxa4 47. Rh7+ Kg6 48. Rxc7 Rxb4 49. Rxa7 Rb6 50. Ra5 Rc6 51. Nd5 Rd6 52. Nf4+ Kh6 53. Kg4 Rb6 54. Kf5 Kg7 55. Ne6+ Kh6 56. f4 1-0

[Event "Belgrade tt Cup"]
[Site "Belgrade"]
[Date "2015.04.22"]
[Round "3.1"]
[White "Ilijc, Milan"]
[Black "Mikicic, Dusan"]
[Result "1/2-1/2"]
[WhiteElo "2179"]
[BlackElo "2181"]
[PlyCount "99"]
[EventDate "2015.04.20"]
[EventType "team-swiss"]
[EventRounds "5"]
[EventCountry "SRB"]
[SourceTitle "CBM 166 Extra"]
[Source "ChessBase"]
[SourceDate "2015.06.18"]
[SourceVersion "1"]
[SourceVersionDate "2015.06.18"]
[SourceQuality "1"]
[WhiteTeam "Cukaricki"]
[BlackTeam "EDB"]
[WhiteTeamCountry "SRB"]
[BlackTeamCountry "SRB"]

1. c4 c5 2. Nc3 Nf6 3. g3 Nc6 4. Bg2 g6 5. e3 Bg7 6. Nge2 0-0 7. 0-0 d6 8. d4 cxd4 9. exd4 Bd7 10. h3 Rc8 11. b3 a6 12. Be3 Na5 13. Qd3 Qc7 14. Rac1 Bc6 15. d5 Be8 16. Bd4 Nd7 17. Bxg7 Kxg7 18. Qe3 Nf6 19. Nd4 Bd7 20. g4 Rce8 21. g5 Ng8 22. Ne4 b6 23. Qc3 f6 24. b4 Nb7 25. Rfe1 Nd8 26. c5 dxc5 27. bxc5 Bf5 28. d6 exd6 29. Nxf5+ gxf5 30. gxf6+ Nxf6 31. Nxd6 Rxe1+ 32. Rxe1 Qxc5 33. Re7+ Kh8 34. Qxc5 bxc5 35. Nxf5 Ng8 36. Re5 c4 37. Nd6 c3 38. Rc5 Ne6 39. Rxc3 Nf4 40. Ra3 Nh6 41. Kf1 Rb8 42. Bb7 Nf5 43. Nxf5 Rxb7 44. Ke1 Rb1+ 45. Kd2 Rb2+ 46. Ke3 Nxh3 47. Rxa6 Kg8 48. f3 Nf2 49. Ne7+ Kf7 50. Kf4 1/2-1/2